Arsenal Premier League XIs - Statistics

General Stats
  • This quiz has been taken 7,989 times
    3,217 since last reset
  • The average score is 65 of 107
Answer Stats
Answer % Correct
David Raya
96%
Bukayo Saka
94%
Thierry Henry
94%
Gabriel Magalhães
93%
William Saliba
93%
Declan Rice
91%
Gabriel Martinelli
91%
Gabriel Paulista
91%
Martin Ødegaard
91%
Aaron Ramsdale
90%
Ben White
88%
Kai Havertz
87%
Pierre-Emerick Aubameyang
87%
Dennis Bergkamp
86%
Leandro Trossard
86%
Patrick Vieira
86%
Petr Čech
86%
Gabriel Jesus
85%
Alexandre Lacazette
83%
David Seaman
83%
Mesut Özil
83%
Jens Lehmann
81%
Alexis Sánchez
80%
Bernd Leno
80%
Jurriën Timber
80%
Oleksandr Zinchenko
80%
Sol Campbell
80%
Kevin Campbell
79%
Olivier Giroud
79%
Robert Pirès
79%
Robin van Persie
79%
Thomas Partey
79%
Ashley Cole
77%
Francesc Fàbregas
76%
Laurent Koscielny
75%
Tony Adams
75%
Per Mertesacker
74%
Wojciech Szczęsny
73%
Granit Xhaka
72%
Myles Lewis-Skelly
72%
Theo Walcott
72%
Aaron Ramsey
71%
Fredrik Ljungberg
70%
Ian Wright
69%
Jack Wilshere
69%
Kolo Touré
68%
Héctor Bellerín
67%
Bacary Sagna
66%
Gilberto Silva
66%
Shkodran Mustafi
66%
David Luiz
65%
Santi Cazorla
65%
Gaël Clichy
62%
Alan Smith
61%
Manuel Almunia
61%
Kieran Tierney
60%
Nacho Monreal
60%
David Ospina
59%
Lauren
59%
Emmanuel Adebayor
58%
Mikel Arteta
58%
Andrey Arshavin
56%
Nicolas Anelka
56%
Emmanuel Petit
55%
Samir Nasri
55%
Sokratis Papastathopoulos
55%
William Gallas
55%
Kieran Gibbs
53%
Martin Keown
53%
Marc Overmars
52%
Rob Holding
52%
Emile Smith Rowe
51%
Lee Dixon
51%
Tomáš Rosický
51%
Nicolas Pépé
50%
Ray Parlour
49%
Lukas Podolski
47%
Alex Song
46%
Danny Welbeck
46%
Francis Coquelin
46%
Sylvain Wiltord
46%
José Antonio Reyes
45%
Mathieu Flamini
45%
Aleksandr Hleb
43%
Mattéo Guendouzi
43%
Thomas Vermaelen
43%
Alex Iwobi
42%
Sead Kolašinac
42%
Abou Diaby
41%
Lucas Torreira
41%
Nigel Winterburn
41%
Emmanuel Eboué
40%
Ainsley Maitland-Niles
38%
Nwankwo Kanu
38%
Paul Merson
35%
Dani Ceballos
34%
Steve Bould
32%
Gervinho
31%
Johan Djourou
26%
Denilson
25%
Sylvinho
23%
David Platt
22%
Gilles Grimandi
19%
John Jensen
14%
Stefan Schwarz
9%
David Hillier
8%
Eddie McGoldrick
8%
No matching quizzes found
Score Distribution
Percent of People with Each Score
Percentile by Number Answered
Your Score History
You have not taken this quiz since the last reset